• 首页
  • 本馆介绍
  • 公告通知
  • 最新文献
  • 馆藏检索
  • 电子资源
  • 读者导购
  • 参考咨询
  • 我的图书馆
  • 登录
  • 详细信息显示
  • 放入我的书架
  • 预约/预借图书
  • 作者相关作品
  • 分类相关作品
  • 丛书相关作品
  • 出版社相关作品

书目信息

  • 表格格式
  • 工作单格式
  • 卡片格式
题名:
数据库技术及应用
    
 
作者: 谷伟 主编
分册:  
出版信息: 北京   中国铁道出版社  2017
页数: 208页
开本: 26cm
丛书名:
单 册:
中图分类: TP311.132.3-43
科图分类:
主题词: 数据库系统--shu ju ku xi tong--高等学校--教材
电子资源:
ISBN: 978-7-113-23785-1
000 00939nam0 2200253 450
001 012001001952
005 20131109134229.0
010    @a978-7-113-23785-1@dCNY32.00
099    @aCAL 012018000767
100    @a20180103d2017 em y0chiy50 ea
101 0  @achi
102    @aCN@b110000
105    @aa z 000yy
106    @ar
200 1  @a数据库技术及应用@Ashu ju ku ji shu ji ying yong@f谷伟主编
210    @a北京@c中国铁道出版社@d2017
215    @a208页@c图@d26cm
300    @a“十三五”高等学校规划教材
330    @a本书以SQL Server 2014数据库管理系统为例介绍了数据库设计和开发技术的原理与方法,主要内容包括数据库基础知识,数据库设计、SQL语言相关知识,存储过程、触发器、数据库权限及安全管理、事务控制、数据备份与恢复等。
606 0  @a数据库系统@Ashu ju ku xi tong@x高等学校@j教材
690    @aTP311.132.3-43@v5
701  0 @a谷伟@Agu wei@4主编
801  0 @aCN@b北京卓展@c20191020
905    @b1199320-3@dTP311.132.3-43@e1440@f4
    
    数据库技术及应用/谷伟主编.-北京:中国铁道出版社,2017
    208页:图;26cm
    “十三五”高等学校规划教材
    
    ISBN 978-7-113-23785-1:CNY32.00
    本书以SQL Server 2014数据库管理系统为例介绍了数据库设计和开发技术的原理与方法,主要内容包括数据库基础知识,数据库设计、SQL语言相关知识,存储过程、触发器、数据库权限及安全管理、事务控制、数据备份与恢复等。
●
相关链接 在E读中查询图书 在五车中查询图书 在当当中查询图书 在豆瓣中查询图书


正题名:数据库技术及应用     索取号:TP311.132.3-43/1440         预约/预借

序号 登录号 条形码 馆藏地/架位号 状态 备注
1 1199320   211993208   第二样本阅览室/ [索取号:TP311.132.3-43/1440] 在馆    
2 1199321   211993217   第三借阅区/ [索取号:TP311.132.3-43/1440] 在馆    
3 1199322   211993226   第三借阅区/ [索取号:TP311.132.3-43/1440] 在馆    
4 1199323   211993235   第三借阅区/ [索取号:TP311.132.3-43/1440] 在馆    
唐山师范学院图书馆 欢迎您!
大连网信软件有限公司© 版权所有